000 01366nam a2200385 c 4500
001 22564
003 ES-MaCES
005 20141221122808.0
008 091023s2009 sp l 000 | spa d
017 _aNA 2203-2009
_bDL
020 _a9788499032597
035 _aCES20090011068m
040 _aES-MaCES
_bspa
_cES-MaCES
110 1 _aEspaña
_tLeyes, etc., de Seguridad Social
_93122
245 1 0 _aCódigo de la Seguridad Social
_cconcordancias y notas a cargo de Antonio V. Sempere Navarro y Guillermo Rodríguez Iniesta
250 _a14ª ed
260 _aCizur Menor (Navarra)
_bAranzadi-Thomson Reuters
_c2009
300 _a2150 p.
_c21 cm
490 1 _aColección Códigos básicos Aranzadi
_v14
500 _aÍndices
541 _cCompra
650 4 _aseguridad social
_927034
650 4 _alegislación de seguridad social
_929855
650 4 _aEspaña
_926964
650 4 _atexto
_929624
653 1 0 _aLegislación
700 1 _aSempere Navarro, Antonio Vicente
_eed. lit.
_923834
700 1 _aRodríguez Iniesta, Guillermo
_eed. lit.
_922367
775 0 _tCódigo de la Seguridad Social
_w(ES-MaCES)23395
775 0 _tCódigo de la Seguridad Social
_w(ES-MaCES)21575
830 0 _aColección Códigos básicos Aranzadi
_v14
_932116
902 _aLIB Libro
942 _2CES
_cBK
_h6.1.
999 _c22564
_d22564